000 00563nam a2200229Ia 4500
003 OSt
005 20220924150613.0
006 a|||||r|||| 00| 0
007 ta
008 220923b |||||||| |||| 00| 0 tel d
024 _a333881
037 _cTextual
040 _aARTS
_cARTS
_btel
041 _2tel
_atel
082 _aO35,2MK0,1, H6
100 _aKotayya
_9222528
245 0 _aGandheyabijayamu
260 _c1946
650 _aTELUGU DRAMA
_9173432
942 _hO35,2MK0,1, H6
_cTEXL
_2CC
999 _c463933
_d463933